<?xml version="1.0" encoding="UTF-8"?><?xml-stylesheet type="text/xsl" href="static/style.xsl"?><OAI-PMH xmlns="http://www.openarchives.org/OAI/2.0/" xmlns:xsi="http://www.w3.org/2001/XMLSchema-instance" xsi:schemaLocation="http://www.openarchives.org/OAI/2.0/ http://www.openarchives.org/OAI/2.0/OAI-PMH.xsd"><responseDate>2026-06-01T23:39:23Z</responseDate><request verb="GetRecord" identifier="oai:riuma.uma.es:10630/19311" metadataPrefix="marc">https://riuma.uma.es/rest/oai/request</request><GetRecord><record><header><identifier>oai:riuma.uma.es:10630/19311</identifier><datestamp>2026-02-03T12:38:23Z</datestamp><setSpec>com_10630_2254</setSpec><setSpec>col_10630_37957</setSpec></header><metadata><record xmlns="http://www.loc.gov/MARC21/slim" xmlns:dcterms="http://purl.org/dc/terms/" xmlns:doc="http://www.lyncode.com/xoai" xmlns:xsi="http://www.w3.org/2001/XMLSchema-instance" xsi:schemaLocation="http://www.loc.gov/MARC21/slim http://www.loc.gov/standards/marcxml/schema/MARC21slim.xsd">
   <leader>00925njm 22002777a 4500</leader>
   <datafield ind2=" " ind1=" " tag="042">
      <subfield code="a">dc</subfield>
   </datafield>
   <datafield ind2=" " ind1=" " tag="720">
      <subfield code="a">Martín-Alonso, Diego</subfield>
      <subfield code="e">author</subfield>
   </datafield>
   <datafield ind2=" " ind1=" " tag="260">
      <subfield code="c">2020-02-21</subfield>
   </datafield>
   <datafield ind2=" " ind1=" " tag="520">
      <subfield code="a">Esta tesis doctoral –que se presenta por un compendio de tres artículos– tiene como propósito profundizar en la naturaleza del currículum vivido e indagar en las condiciones que hacen posible una relación pedagógica que promueva la creación curricular. El foco del estudio, por tanto, está en lo que varios autores han llamado creación curricular, es decir, en ahondar en cómo docentes y alumnado vivimos nuestra experiencia en el aula y cómo, a partir de ella, construimos nuestro currículum vivido.&#xd;
Para abordar esta tarea, la tesis se estructura en cinco capítulos. En el primero presento los “Antecedentes teóricos” en los que se ha sostenido mi trabajo. En el segundo capítulo expongo el “Marco y diseño metodológico” de la investigación. Comienzo definiendo los referentes metodológicos que me han guiado en el diseño y desarrollo de la investigación: la indagación narrativa y la fenomenología vanmaniana. A continuación presento el carácter relacional desde el que he vivido el proceso de investigación con el alumnado y, en especial, con los dos docentes a los que he acompañado en sus centros educativos.&#xd;
El tercer capítulo incluye “Los artículos” que componen la tesis. El cuarto capítulo busca continuar “Pensando con las historias” que han surgido a lo largo de la investigación y, en especial, en los artículos. Se trata de un intento por hilar las experiencias vividas en las escuelas y las reflexiones que han surgido con ellas para crear un “relato” que les de unidad y abra nuevos interrogantes. En el quinto capítulo, titulado “Conclusión, aperturas y otras historias”, planteo las aperturas pedagógicas y los interrogantes que han aparecido con el desarrollo de la investigación.</subfield>
   </datafield>
   <datafield ind1="8" ind2=" " tag="024">
      <subfield code="a">https://hdl.handle.net/10630/19311</subfield>
   </datafield>
   <datafield tag="653" ind2=" " ind1=" ">
      <subfield code="a">Didáctica</subfield>
   </datafield>
   <datafield tag="653" ind2=" " ind1=" ">
      <subfield code="a">Educación - Metodología</subfield>
   </datafield>
   <datafield ind2="0" ind1="0" tag="245">
      <subfield code="a">El tejido curricular. Indagación narrativa sobre la relación educativa y el proceso de creación curricular</subfield>
   </datafield>
</record>
</metadata></record></GetRecord></OAI-PMH>